1991 Movies by Picture - Statistics

General Stats
  • This quiz has been taken 133 times
  • The average score is 10 of 18
Answer Stats
Picture Answer % Correct
Beauty and the Beast
93%
Hook
87%
The Addams Family
83%
Terminator 2: Judgment Day
79%
Thelma & Louise
79%
The Silence of the Lambs
76%
Point Break
63%
Father of the Bride
61%
{Star} {Trek} VI: {The} {Undiscovered} {Country}
53%
Boyz n the Hood
52%
Robin Hood: Prince of Thieves
49%
The Naked Gun 2 1/2: The Smell of Fear
49%
Hot Shots!
45%
Cape Fear
42%
City Slickers
40%
JFK
30%
Barton Fink
27%
The Fisher King
27%
No matching quizzes found
Score Distribution
Percent of People with Each Score
Percentile by Number Answered
Your Score History
You have not taken this quiz